01481nam a2200337 i 450000100060000000300090000600500170001500700030003200800410003502000180007608000160009408000200011008000190013008000220014924501180017126001340028930000400042349000500046365100370051365100670055065100660061765100620068370000360074570000410078171000710082271000310089383000580092485200220098299900170100495201220102115917ES-MaACL20250913172447.0t|000519s1999 sp a ||||1| spa d a84-00-07836-5 a946.0"1898" a972.91"1895/98" a959.9"1896/98" a972.95"1511/1898"00aImágenes e imaginarios nacionales en el ultramar español / cConsuelo Naranjo Orovio y Carlos Serrano (eds.). aMadrid : bConsejo Superior de Investigaciones Científicas, Departamento de Historia de América : bCasa Velázquez, c1999. a391 p. : bil. col. y n. ; c24 cm.1 aColección Tierra nueva e cielo nuevo ; v37 4aEspaña-xHistoria-y189898272 4aCuba-xHistoria-y1895-1898, Guerra de la Independencia.98096 4aPuerto Rico-xHistoria-y1511-1898, Época colonial.9155352 4aFilipinas-xHistoria-y1896-1898, Insurrección.91553511 aNaranjo Orovio, Consuelo9849271 aSerrano, Carlos, d1943-200091056892 aConsejo Superior de Investigaciones Científicas (España)932362 aCasa de Velázquez.924770 aColección Tierra nueva e cielo nuevo ; v379179366 aES-MaACLjL-22853 c15917d15917 00104070aATENEOMbATENEOMcDEPO2d2008-01-17eSCl0oL-22853p1016178r2023-02-23 00:00:00w2023-02-23yMONOGRAFIA